Democratization and Authoritarian Party Survival : Mexico's PRI /

Zapisane w:
Opis bibliograficzny
1. autor: Langston, Joy K. (autor)
Format: Książka
Język:angielski
Wydane: Nueva York, EUA : Oxford University, 2017, c2017
Hasła przedmiotowe:
Dostęp online:Ver documento en línea
Etykiety: Dodaj etykietę
Nie ma etykietki, Dołącz pierwszą etykiete!

MARC

LEADER 00000nam^a2200000^a^4500
001 000413424
005 20251023000000.0
009 20260310122206.99
022 |a 9780190628536 
037 |a Acervo ITESO - Biblioteca 
041 |a ING 
082 |a 324. 272  |b LAN 
100 |a Langston, Joy K.  |e (autor) 
240 1 1 |a [De la hegemonía a la ignominia: el PRI de México] 
245 1 0 |a Democratization and Authoritarian Party Survival :  |b Mexico's PRI /  |c J.K. Langston. 
264 4 |a Nueva York, EUA :  |b Oxford University,  |c 2017, c2017 
264 2 |a Birmingham, EUA :  |b EBSCOhost [distribución],  |c 2017 
300 |a 1 libro electrónico en línea (XII, 244 p.) 
300 |a 1 recurso en línea 
336 |a datos para computadora  |b cod  |2 rdacontenido 
337 |a computadora  |b c  |2 rdamedio 
338 |a recurso en línea  |b cr  |2 rdasoporte 
506 1 |a 1 licencia 
521 |a Peticiones 2019 
649 |a XX 
650 |a Partido Revolucionario Institucional -  |z México -  |x Tema Principal 
650 |a Partidos Políticos -  |z México 
650 |a Partidos Políticos -  |z Kenia 
650 |a Partidos Políticos -  |z Taiwán 
650 |a Comportamiento Organizacional -  |z México 
650 |a Democratización -  |z México 
650 |a Cambios Políticos -  |z México 
650 |a Proceso Político -  |z México 
650 |a Sistema Político -  |z México 
650 |a Política -  |z México -  |x Historia -  |y 1996-2000 
650 |a Política -  |z México -  |x Historia -  |y Siglo XX 
650 |a Política -  |z México -  |x Historia -  |y Siglo XXI 
856 4 0 |u https://ezproxy.iteso.mx/login?url=https://search.ebscohost.com/login.aspx?direct=true&scope=site&db=nlebk&db=nlabk&AN=1500889  |y Ver documento en línea 
910 |a Fondo General 
920 |a Electrónicos - Libros en Línea 
930 |a Plataforma Digital 
905 |a 205 
901 |a 413424-1  |b IT2  |c EBO  |i C166624  |u 20250521 
902 |a https://opac.biblio.iteso.mx/vufind/Record/000413424